<?xml version="1.0" encoding="UTF-8"?>
<record
    xmlns:xsi="http://www.w3.org/2001/XMLSchema-instance"
    xsi:schemaLocation="http://www.loc.gov/MARC21/slim http://www.loc.gov/standards/marcxml/schema/MARC21slim.xsd"
    xmlns="http://www.loc.gov/MARC21/slim">

  <leader>02753njm0a22005291  4500</leader>
  <controlfield tag="001">RU\NLR\ONIZ\196516</controlfield>
  <controlfield tag="005">20260504062752.0</controlfield>
  <datafield tag="035" ind1=" " ind2=" ">
    <subfield code="a">(NLR Aleph) 010404276</subfield>
  </datafield>
  <datafield tag="035" ind1=" " ind2=" ">
    <subfield code="a">RU\NLR\ONIZ\GALA\5000002813\20110225194186</subfield>
  </datafield>
  <datafield tag="071" ind1="0" ind2="0">
    <subfield code="a">CDMAN 111</subfield>
  </datafield>
  <datafield tag="090" ind1=" " ind2=" ">
    <subfield code="a">13282007</subfield>
    <subfield code="c">13282007</subfield>
  </datafield>
  <datafield tag="100" ind1=" " ind2=" ">
    <subfield code="a">20110225d1997    |||y0rusy50      ca</subfield>
  </datafield>
  <datafield tag="102" ind1=" " ind2=" ">
    <subfield code="a">RU</subfield>
  </datafield>
  <datafield tag="126" ind1=" " ind2=" ">
    <subfield code="a">aguxhxu      ux</subfield>
    <subfield code="b">xxx</subfield>
  </datafield>
  <datafield tag="127" ind1=" " ind2=" ">
    <subfield code="a">000055</subfield>
  </datafield>
  <datafield tag="135" ind1=" " ind2=" ">
    <subfield code="a">honoannnanndn</subfield>
  </datafield>
  <datafield tag="200" ind1="1" ind2=" ">
    <subfield code="a">&#x41F;&#x435;&#x440; &#x413;&#x44E;&#x43D;&#x442;</subfield>
    <subfield code="b">&#x417;&#x432;&#x443;&#x43A;&#x43E;&#x437;&#x430;&#x43F;&#x438;&#x441;&#x44C;</subfield>
    <subfield code="d">Peer Gynt</subfield>
    <subfield code="e">&#x441;&#x44E;&#x438;&#x442;&#x44B; &#x2116; 1, 2</subfield>
    <subfield code="e">&#x438;&#x437; &#x43C;&#x443;&#x437;&#x44B;&#x43A;&#x438; &#x43A; &#x434;&#x440;&#x430;&#x43C;&#x435; &#x418;&#x431;&#x441;&#x435;&#x43D;&#x430; "&#x41F;&#x435;&#x440; &#x413;&#x44E;&#x43D;&#x442;"</subfield>
    <subfield code="e">op. 46, op. 55</subfield>
    <subfield code="z">eng</subfield>
  </datafield>
  <datafield tag="210" ind1=" " ind2=" ">
    <subfield code="a">&#x421;.-&#x41F;&#x435;&#x442;&#x435;&#x440;&#x431;.</subfield>
    <subfield code="c">&#x41C;&#x430;&#x43D;&#x447;&#x435;&#x441;&#x442;&#x435;&#x440;</subfield>
    <subfield code="d">1997</subfield>
  </datafield>
  <datafield tag="215" ind1=" " ind2=" ">
    <subfield code="a">1 &#x437;&#x432;. &#x434;&#x438;&#x441;&#x43A; (55 &#x43C;&#x438;&#x43D;.), &#x432; &#x444;&#x443;&#x442;&#x43B;.</subfield>
    <subfield code="e">&#x43F;&#x440;&#x438;&#x43B;. (2 &#x441;.)</subfield>
  </datafield>
  <datafield tag="225" ind1="1" ind2=" ">
    <subfield code="a">Classical Gallery</subfield>
  </datafield>
  <datafield tag="225" ind1="1" ind2=" ">
    <subfield code="a">&#x41F;&#x43E;&#x43F;&#x443;&#x43B;&#x44F;&#x440;&#x43D;&#x430;&#x44F; &#x43A;&#x43B;&#x430;&#x441;&#x441;&#x438;&#x447;&#x435;&#x441;&#x43A;&#x430;&#x44F; &#x43C;&#x443;&#x437;&#x44B;&#x43A;&#x430;</subfield>
  </datafield>
  <datafield tag="300" ind1=" " ind2=" ">
    <subfield code="a">&#x417;&#x430;&#x43F;&#x438;&#x441;&#x438;1993 &#x433;.</subfield>
  </datafield>
  <datafield tag="325" ind1=" " ind2=" ">
    <subfield code="a">&#x41A;&#x43E;&#x43F;&#x438;&#x44F; &#x434;&#x43E;&#x441;&#x442;&#x443;&#x43F;&#x43D;&#x430; &#x432; &#x42D;&#x43B;&#x435;&#x43A;&#x442;&#x440;&#x43E;&#x43D;. &#x431;-&#x43A;&#x435; &#x420;&#x41D;&#x411;</subfield>
  </datafield>
  <datafield tag="423" ind1=" " ind2="0">
    <subfield code="1">2001#$a&#x418;&#x437; &#x432;&#x440;&#x435;&#x43C;&#x451;&#x43D; &#x425;&#x43E;&#x43B;&#x44C;&#x431;&#x435;&#x440;&#x433;&#x430;$e&#x441;&#x44E;&#x438;&#x442;&#x430;$eop. 40$f&#x42D;. &#x413;&#x440;&#x438;&#x433;$g[&#x43E;&#x431;&#x430; &#x43F;&#x440;&#x43E;&#x438;&#x437;&#x432;.] &#x438;&#x441;&#x43F;&#x43E;&#x43B;&#x43D;.: &#x410;&#x43A;&#x430;&#x434;. &#x441;&#x438;&#x43C;&#x444;. &#x43E;&#x440;&#x43A;. &#x421;&#x430;&#x43D;&#x43A;&#x442;-&#x41F;&#x435;&#x442;&#x435;&#x440;&#x431;. &#x444;&#x438;&#x43B;&#x430;&#x440;&#x43C;., &#x434;&#x438;&#x440;. &#x412;. &#x410;&#x43B;&#x44C;&#x442;&#x448;&#x443;&#x43B;&#x435;&#x440;</subfield>
    <subfield code="1">686##$a&#x429;951.1-043(4&#x41D;&#x440;)$vLBC/SL$2rubbk</subfield>
    <subfield code="t">&#x418;&#x437; &#x432;&#x440;&#x435;&#x43C;&#x451;&#x43D; &#x425;&#x43E;&#x43B;&#x44C;&#x431;&#x435;&#x440;&#x433;&#x430;</subfield>
  </datafield>
  <datafield tag="686" ind1=" " ind2=" ">
    <subfield code="a">&#x429;951.1-043&#x44F;44(4&#x41D;&#x440;)</subfield>
    <subfield code="v">LBC/SL</subfield>
    <subfield code="2">rubbk</subfield>
  </datafield>
  <datafield tag="700" ind1=" " ind2="1">
    <subfield code="4">230</subfield>
    <subfield code="8">rus</subfield>
    <subfield code="7">ca</subfield>
    <subfield code="a">&#x413;&#x440;&#x438;&#x433;</subfield>
    <subfield code="b">&#x42D;.</subfield>
    <subfield code="f">1843-1907</subfield>
    <subfield code="g">&#x42D;&#x434;&#x432;&#x430;&#x440;&#x434;</subfield>
    <subfield code="3">RU\NLR\AUTH\77110520</subfield>
    <subfield code="9">93445</subfield>
  </datafield>
  <datafield tag="702" ind1=" " ind2="1">
    <subfield code="9">z07790</subfield>
    <subfield code="a">&#x410;&#x43B;&#x44C;&#x442;&#x448;&#x443;&#x43B;&#x435;&#x440;</subfield>
    <subfield code="b">&#x412;. &#x410;.</subfield>
    <subfield code="c">&#x434;&#x438;&#x440;&#x438;&#x436;&#x435;&#x440;</subfield>
    <subfield code="f">1946-</subfield>
    <subfield code="g">&#x412;&#x43B;&#x430;&#x434;&#x438;&#x43C;&#x438;&#x440; &#x410;&#x431;&#x440;&#x430;&#x43C;&#x43E;&#x432;&#x438;&#x447;</subfield>
    <subfield code="4">250</subfield>
  </datafield>
  <datafield tag="702" ind1=" " ind2="1">
    <subfield code="4">070</subfield>
    <subfield code="8">rus</subfield>
    <subfield code="7">ca</subfield>
    <subfield code="a">&#x418;&#x431;&#x441;&#x435;&#x43D;</subfield>
    <subfield code="b">&#x413;.</subfield>
    <subfield code="g">&#x413;&#x435;&#x43D;&#x440;&#x438;&#x43A;</subfield>
    <subfield code="f">1828-1906</subfield>
    <subfield code="3">RU\NLR\AUTH\7729701</subfield>
    <subfield code="9">12729</subfield>
  </datafield>
  <datafield tag="702" ind1=" " ind2="1">
    <subfield code="a">&#x410;&#x43B;&#x44C;&#x442;&#x448;&#x443;&#x43B;&#x435;&#x440;</subfield>
    <subfield code="b">&#x412;. &#x410;.</subfield>
    <subfield code="c">&#x434;&#x438;&#x440;&#x438;&#x436;&#x435;&#x440;</subfield>
    <subfield code="f">1946-</subfield>
    <subfield code="g">&#x412;&#x43B;&#x430;&#x434;&#x438;&#x43C;&#x438;&#x440; &#x410;&#x431;&#x440;&#x430;&#x43C;&#x43E;&#x432;&#x438;&#x447;</subfield>
    <subfield code="4">250</subfield>
  </datafield>
  <datafield tag="712" ind1="0" ind2="2">
    <subfield code="a">Academic Symphony Orchestra of ST. Peterburg Philharmony</subfield>
    <subfield code="4">590</subfield>
  </datafield>
  <datafield tag="712" ind1="0" ind2="2">
    <subfield code="a">&#x410;&#x43A;&#x430;&#x434;&#x435;&#x43C;&#x438;&#x447;&#x435;&#x441;&#x43A;&#x438;&#x439; &#x441;&#x438;&#x43C;&#x444;&#x43E;&#x43D;&#x438;&#x447;&#x435;&#x441;&#x43A;&#x438;&#x439; &#x43E;&#x440;&#x43A;&#x435;&#x441;&#x442;&#x440; &#x421;&#x430;&#x43D;&#x43A;&#x442;-&#x41F;&#x435;&#x442;&#x435;&#x440;&#x431;&#x443;&#x440;&#x433;&#x441;&#x43A;&#x43E;&#x439; &#x444;&#x438;&#x43B;&#x430;&#x440;&#x43C;&#x43E;&#x43D;&#x438;&#x438;</subfield>
    <subfield code="4">590</subfield>
  </datafield>
  <datafield tag="790" ind1=" " ind2="1">
    <subfield code="9">z01700</subfield>
    <subfield code="a">Grieg</subfield>
    <subfield code="b">E.</subfield>
    <subfield code="f">1843-1907</subfield>
    <subfield code="g">Edward</subfield>
    <subfield code="4">230</subfield>
  </datafield>
  <datafield tag="790" ind1=" " ind2="1">
    <subfield code="9">z07702</subfield>
    <subfield code="a">Altschuler</subfield>
    <subfield code="b">V.</subfield>
    <subfield code="c">conductor</subfield>
    <subfield code="f">1946-</subfield>
    <subfield code="g">Vladimir</subfield>
    <subfield code="4">250</subfield>
  </datafield>
  <datafield tag="790" ind1=" " ind2="1">
    <subfield code="9">z08702</subfield>
    <subfield code="a">Ibsen</subfield>
    <subfield code="b">H. J.</subfield>
    <subfield code="f">1828-1906</subfield>
    <subfield code="g">Henrik Johan</subfield>
    <subfield code="4">070</subfield>
  </datafield>
  <datafield tag="801" ind1=" " ind2="0">
    <subfield code="a">RU</subfield>
    <subfield code="b">NLR</subfield>
    <subfield code="c">20110225</subfield>
    <subfield code="g">PSBO</subfield>
  </datafield>
  <datafield tag="801" ind1=" " ind2="1">
    <subfield code="a">RU</subfield>
    <subfield code="b">NLR</subfield>
    <subfield code="c">20110225</subfield>
    <subfield code="2">rusmarc</subfield>
  </datafield>
  <datafield tag="801" ind1=" " ind2="2">
    <subfield code="a">RU</subfield>
    <subfield code="b">NLR</subfield>
    <subfield code="c">20151105</subfield>
  </datafield>
  <datafield tag="852" ind1=" " ind2=" ">
    <subfield code="a">NLR</subfield>
    <subfield code="b">&#x41C;&#x433;</subfield>
    <subfield code="j">&#x414;/1175</subfield>
    <subfield code="p">2719</subfield>
    <subfield code="t">1</subfield>
  </datafield>
  <datafield tag="856" ind1=" " ind2="0">
    <subfield code="u">http://vivaldi.nlr.ru/mk000000283/view</subfield>
  </datafield>
  <datafield tag="856" ind1=" " ind2="1">
    <subfield code="u">http://vivaldi.nlr.ru/mk000000283/cover</subfield>
  </datafield>
  <datafield tag="856" ind1=" " ind2="2">
    <subfield code="u">http://vivaldi.nlr.ru/mk000000283/text</subfield>
  </datafield>
  <datafield tag="942" ind1=" " ind2=" ">
    <subfield code="c">REC</subfield>
  </datafield>
  <datafield tag="980" ind1=" " ind2=" ">
    <subfield code="a">NB</subfield>
  </datafield>
  <datafield tag="980" ind1=" " ind2=" ">
    <subfield code="a">ONIZ</subfield>
  </datafield>
  <datafield tag="981" ind1="2" ind2="4">
    <subfield code="a">(24) &#x41D;&#x43E;&#x442;&#x43D;&#x44B;&#x435; &#x438;&#x437;&#x434;&#x430;&#x43D;&#x438;&#x44F; &#x438; &#x430;&#x443;&#x434;&#x438;&#x43E;&#x437;&#x430;&#x43F;&#x438;&#x441;&#x438;</subfield>
    <subfield code="b">(24) &#x413;&#x440;&#x430;&#x43C;&#x43F;&#x43B;&#x430;&#x441;&#x442;&#x438;&#x43D;&#x43A;&#x438;</subfield>
  </datafield>
  <datafield tag="995" ind1=" " ind2=" ">
    <subfield code="5">2011-02-25</subfield>
    <subfield code="b">NLR01</subfield>
    <subfield code="c">NLR01</subfield>
    <subfield code="e">ONIZ</subfield>
    <subfield code="k">&#x414;/1175 &#x414;/1175</subfield>
    <subfield code="o">0</subfield>
    <subfield code="r">REC</subfield>
    <subfield code="s">1175_1175</subfield>
  </datafield>
</record>
